000 00318nam a2200133Ia 4500
008 170620s9999 xx 000 0 und d
020 _a9.78935E+12
100 _aGUPTA-M.K
245 0 _aTEXT BOOK OF REMEDIAL BIOLOGY
260 _bPRAGATI PRAKASHAN MEERUT
260 _c2011
300 _a168
546 _aEnglish
690 _aREMEDIAL BIOLOGY
999 _c31348
_d31348